| 000 | 00478pab a2200181 454500 | ||
|---|---|---|---|
| 008 | 180718b1995 xxu||||| |||| 00| 0 eng d | ||
| 100 | _aJoshi, Sneha | ||
| 245 | _aUniversity and industry interface. | ||
| 260 | _c1995 | ||
| 300 | _ap.7-12 | ||
| 362 | _a24 Jul | ||
| 650 | _aUniversities and colleges - India - Industry - India | ||
| 650 | _aIndustrial research - India | ||
| 700 | _aSujata Singh | ||
| 700 | _aPradhan, N. | ||
| 773 | _aUniversity News | ||
| 909 | _a29039 | ||
| 999 |
_c29039 _d29039 |
||